| 000 | 00350nam a2200145Ia 4500 | ||
|---|---|---|---|
| 008 | 230312s9999||||xx |||||||||||||| ||und|| | ||
| 020 | _a81-7808-130-x | ||
| 082 |
_a654.35 _bGOL-G |
||
| 100 | _aSimon;Ryan | ||
| 245 | 0 | _aProfessional GoldFusion 5.0 | |
| 260 |
_bPearson _aIndia _c1989 |
||
| 300 | _a412 | ||
| 650 |
_aComputer _vComputer |
||
| 942 | _cBK | ||
| 999 |
_c15485 _d15485 |
||